Champions du Challenge européen de rugby. (1997 - …) - Statistiques

Statistiques générales
  • Ce quiz a été pris 2 014 fois
    461 depuis la dernière actualisation
  • Le résultat moyen est 12 sur 19
Statistiques - réponses
Titres Champion % Correct
2023 RC Toulon
93%
2022 Lyon OU
85%
2012 Biarritz olympique
83%
1999 | 2007 | 2019 ASM Clermont
82%
2017 Stade français Paris
81%
2008 | 2025 Bath rugby
80%
2013 Leinster
78%
2016 | 2021 Montpellier HR
73%
2009 | 2014 Northampton Saints
64%
2003 Wasps
63%
2002 | 2005 Sale Sharks
62%
2000 Section paloise
58%
2024 Sharks
52%
2010 | 2018 Cardiff Blues
47%
2001 | 2004 | 2011 Harlequins
45%
2006 | 2015 Gloucester RFC
40%
2020 Bristol Bears
40%
1997 CS Bourgoin-Jallieu
24%
1998 US Colomiers
24%
Aucun quiz correspondant
Distribution des résultats
% des personnes avec chaque résultat
Percentile par nombre de réponses
Votre historique - résultats
Vous n’avez pas pris ce quiz depuis la dernière actualisation